[Event "TCh-ISL Div 1 2010-11"]
[Site "Reykjavik ISL"]
[Date "2010.10.09"]
[Round "2.2"]
[White "Carstensen,J"]
[Black "Gurevich,M"]
[Result "0-1"]
[WhiteElo "2350"]
[BlackElo "2613"]

1.d4 d5 2.c4 c6 3.Nf3 Nf6 4.e3 Bf5 5.Nc3 e6 6.Nh4 Be4 7.f3 Bg6 8.Qb3 Qc7
9.Bd2 Be7 10.cxd5 cxd5 11.Nb5 Qd7 12.Bb4 Nc6 13.Bxe7 Qxe7 14.Rc1 O-O 15.Nxg6 hxg6
16.Qa3 Qd8 17.Nd6 Qb6 18.Rc3 a6 19.Qb3 Qxb3 20.axb3 Rfb8 21.Kd2 Ne8 22.Nxe8 Rxe8
23.f4 Kf8 24.Bd3 Red8 25.Ra1 Ke7 26.Rc5 Kd6 27.Rac1 Rd7 28.h3 Rdd8 29.R5c3 Ra7
30.Ra1 Raa8 31.Rac1 f5 32.h4 Rh8 33.g3 Rhd8 34.Be2 Rdc8 35.Rh1 Na5 36.Bd1 Rc6
37.Bc2 Rb6 38.Bd1 Rh8 39.Kc2 Nc6 40.Bf3 Rb5 41.Ra1 Nb4+ 42.Kd2 Rb6 43.Ra4 Nc6
44.Ra1 Ne7 45.Rac1 Ra8 46.Rb1 Rb5 47.Ra1 Rc8 48.Kc2 Rb6 49.Bd1 Rbc6 50.Kd2 Ng8
51.Rac1 Nf6 52.Bf3 R8c7 53.Kd3 Kd7 54.Kd2 Rc8 55.Kd3 Kd6 56.Kd2 Rb8 57.Rc5 Rxc5
58.Rxc5 Nd7 59.Rc3 Rh8 60.Rc1 Nb8 61.Rh1 Nc6 62.Bd1 Na5 63.Bc2 Nc6 64.Bd1 Kc7
65.g4 Kb6 66.gxf5 gxf5 67.h5 Ne7 68.Rg1 Rh7 69.Bf3 Kc7 70.b4 Ng8 71.Kc3 Nf6
72.Rg5 Kd6 73.Rg1 Kc6 74.Rg6 Kd7 75.Rg1 Kd6 76.Rg2 Ne8 77.Kd3 Ke7 78.Rc2 Kd7
79.Rg2 Kd8 80.Rg1 Nd6 81.Rg6 Ke7 82.Rg1 Nc4 83.b3 Nd6 84.Rc1 Kd7 85.Rg1 Ne8
86.Rg6 Ke7 87.Rg1 Rh6 88.Kd2 Rh8 89.Rc1 Kd7 90.Rg1 Rf8 91.Be2 Rf7 92.Rg6 Nd6
93.Bd3 Ke7 94.Rg1 Kd8 95.Rg6 Re7 96.Rg1 Kc7 97.Rc1+ Kb6 98.Rg1 Kc6 99.Rc1+ Kd7
100.Rg1 Ke8 101.Rc1 Kd8 102.Rg1 Ke8 103.Rc1 Kf7 104.Rg1 Rc7 105.Rg2 Rc8 106.Rg1 Rh8
107.Rg5 Rh6 108.Ke1 Kf6 109.Kd1 Nf7 110.Rg2 Rxh5 111.b5 Rh1+ 112.Kd2 a5 113.b6 Nd6
114.Kc3 Rc1+ 115.Kd2 Rc6 116.Bc2 Rxb6 117.Rg1 Ra6 118.Bd3 Ra8 119.Rc1 Rc8  0-1

[Event "TCh-ISL Div 1 2010-11"]
[Site "Reykjavik ISL"]
[Date "2010.10.09"]
[Round "3.3"]
[White "Gurevich,M"]
[Black "Ivanov,MM"]
[Result "1/2-1/2"]
[WhiteElo "2613"]
[BlackElo "2438"]

1.c4 e6 2.Nc3 d5 3.d4 c6 4.e3 f5 5.f4 Nf6 6.Nf3 Be7 7.Be2 O-O 8.O-O Ne4 9.Bd2 b6
10.Rc1 Bb7 11.Ne5 Nd7  1/2-1/2

[Event "27th Open"]
[Site "Cappelle la Grande FRA"]
[Date "2011.03.04"]
[Round "8.8"]
[White "Jojua,D"]
[Black "Gurevich,M"]
[Result "1/2-1/2"]
[WhiteElo "2515"]
[BlackElo "2613"]

1.d4 Nf6 2.c4 e6 3.Nf3 d5 4.Nc3 c6 5.Bg5 h6 6.Bxf6 Qxf6 7.e3 Nd7 8.Bd3 dxc4
9.Bxc4 g6 10.O-O Bg7 11.Re1 O-O 12.e4 e5 13.d5 Nb6 14.Bb3 Bg4 15.Re3 Rfd8
16.h3 Bd7 17.a4 a5 18.Rd3 Be8 19.Qe2 Bf8 20.Rad1 Bc5 21.dxc6 Rxd3 22.Rxd3 bxc6
23.Qc2 Qe7 24.Nd1 Kg7 25.Ne3 h5 26.Nc4 Nd7 27.Ba2 Bb4 28.Rd1 Ra7 29.Qb3 Nc5
30.Qc2 Rd7 31.Rxd7 Nxd7 32.Nfd2 Nc5 33.Nb3 Nxb3 34.Bxb3 Qc5 35.Qd3 Qe7 36.Qe3 Qc7
37.Qb6 Qxb6 38.Nxb6 h4 39.Kf1 Kh6 40.Ke2 Kg5 41.Kf3 Kf6  1/2-1/2

[Event "1st Forni Open"]
[Site "Forni di Sopra ITA"]
[Date "2011.06.13"]
[Round "2"]
[White "Gurevich,M"]
[Black "Dvirnyy,D"]
[Result "1/2-1/2"]
[WhiteElo "2617"]
[BlackElo "2448"]

1.d4 Nf6 2.c4 e6 3.Nc3 Bb4 4.e3 O-O 5.Ne2 d5 6.a3 Be7 7.cxd5 Nxd5 8.Qc2 Nd7
9.e4 Nxc3 10.Nxc3 c5 11.d5 Nf6 12.Bc4 exd5 13.Nxd5 Be6 14.O-O Bxd5 15.exd5 Bd6
16.Re1 Re8 17.Bd2 Qd7 18.Bc3 Rxe1+ 19.Rxe1 Re8 20.Re2 Ng4 21.Rxe8+ Qxe8 22.Qf5 Ne5
23.Be2 Qd7 24.Qe4 Qe7 25.a4 g6 26.f4 Nc6 27.Bd3 Qxe4 28.Bxe4 Nd4  1/2-1/2

[Event "1st Forni Open"]
[Site "Forni di Sopra ITA"]
[Date "2011.06.14"]
[Round "4"]
[White "Gurevich,M"]
[Black "Collutiis,D"]
[Result "1/2-1/2"]
[WhiteElo "2617"]
[BlackElo "2472"]

1.c4 e5 2.Nc3 Bb4 3.Nd5 Be7 4.d4 d6 5.Nf3 c6 6.Nc3 Nd7 7.e4 Ngf6 8.Be2 O-O
9.O-O a6 10.Rb1 b5 11.b4 Bb7 12.dxe5 Nxe5 13.Nxe5 dxe5 14.Qc2 a5 15.a3 axb4
16.axb4 bxc4 17.Rd1 Qc8 18.Bxc4 Ba6 19.Qe2 Bxc4 20.Qxc4 Qa6 21.Qxa6 Rxa6
22.b5 cxb5 23.Rxb5 Ra1 24.Bg5 Rxd1+ 25.Nxd1 Rc8 26.Kf1 Bc5 27.Bxf6 gxf6 28.Ne3 f5
29.Nd5 Kg7 30.exf5 Bd4 31.f4 Rc2 32.fxe5 Rf2+ 33.Ke1 Rxf5 34.Ke2 Rf2+ 35.Kd3 Bxe5
36.Ne3 Bxh2 37.Ke4  1/2-1/2

[Event "1st Forni Open"]
[Site "Forni di Sopra ITA"]
[Date "2011.06.15"]
[Round "5"]
[White "Stopa,Ja"]
[Black "Gurevich,M"]
[Result "1/2-1/2"]
[WhiteElo "2460"]
[BlackElo "2617"]

1.e4 e6 2.d4 d5 3.Nc3 Nf6 4.Bg5 dxe4 5.Nxe4 Nbd7 6.Nf3 h6 7.Nxf6+ Nxf6 8.Bh4 Be7
9.Bd3 c5 10.dxc5 Qa5+ 11.c3 Qxc5 12.Qe2 a6 13.O-O b5 14.Rfe1 Bb7 15.Ne5 O-O
16.a4 b4 17.Bxf6 Bxf6 18.Nd7 Qg5 19.f4 Qxf4 20.Rf1 Qh4 21.Nxf8 Kxf8 22.g3 Qg5
23.Be4 Qc5+ 24.Kh1 Bxe4+ 25.Qxe4 Rb8 26.Rf3 bxc3 27.bxc3 a5 28.Rb1 Rxb1+
29.Qxb1 Qc6 30.Qb8+ Ke7 31.Qa7+ Ke8 32.Qb8+ Ke7 33.Qa7+  1/2-1/2

[Event "1st Forni Open"]
[Site "Forni di Sopra ITA"]
[Date "2011.06.16"]
[Round "6"]
[White "Gurevich,M"]
[Black "Gaponenko,I"]
[Result "1/2-1/2"]
[WhiteElo "2617"]
[BlackElo "2455"]

1.c4 c5 2.g3 g6 3.Bg2 Bg7 4.Nc3 Nc6 5.a3 d6 6.Rb1 a5 7.d3 e5 8.e3 Nge7 9.Nge2 O-O
10.O-O Rb8 11.Bd2 b6 12.Qb3 Bf5 13.Nb5 Qd7 14.Qc2 Be6 15.b4 cxb4 16.axb4 d5
17.Rfd1 Rfd8  1/2-1/2

[Event "1st Forni Open"]
[Site "Forni di Sopra ITA"]
[Date "2011.06.18"]
[Round "9"]
[White "Rotstein,A"]
[Black "Gurevich,M"]
[Result "1/2-1/2"]
[WhiteElo "2547"]
[BlackElo "2617"]

1.d4 d6 2.e4 Nf6 3.Nc3 g6 4.Nf3 Bg7 5.Be2 O-O 6.O-O Bg4 7.Be3 Nc6 8.h3 Bxf3
9.Bxf3 Re8 10.Ne2 e5 11.d5 Nd4 12.Nxd4 exd4 13.Bxd4 Nxe4 14.Re1 Nc5  1/2-1/2

[Event "TCh-TUR 2011"]
[Site "Konya TUR"]
[Date "2011.06.28"]
[Round "1"]
[White "Mchedlishvili,M"]
[Black "Gurevich,M"]
[Result "1/2-1/2"]
[WhiteElo "2629"]
[BlackElo "2617"]

1.d4 d5 2.c4 c6 3.Nf3 Nf6 4.Nc3 e6 5.Bg5 Nbd7 6.Qb3 Be7 7.e3 O-O 8.Bd3 dxc4
9.Qxc4 Nd5 10.Bxe7 Qxe7 11.O-O N5f6 12.Ne5 Nb6 13.Qb3 Rd8 14.Rfd1 Bd7 15.Ne4 Nxe4
16.Bxe4 Be8 17.Qc2 h6 18.Rac1 Nd7 19.Nxd7 Rxd7 20.Qc5 Rad8 21.Qxa7 e5 22.Bf5 Rd5
23.Bc2 Qb4 24.Bb3 Ra5 25.a3 exd4 26.axb4 Rxa7 27.Rxd4 Rxd4 28.exd4 Ra6 29.b5 Rb6
30.Ba4 cxb5 31.Bb3 Rd6 32.Rd1 Kf8 33.f3 Ke7 34.Kf2 Rd8 35.Ke3 Kd6 36.Kd2 f6
37.Rc1 Bc6 38.Re1 Re8 39.Rxe8 Bxe8 40.Ke3 b4 41.Bc2 Bd7 42.Be4 b6  1/2-1/2

[Event "TCh-TUR 2011"]
[Site "Konya TUR"]
[Date "2011.06.30"]
[Round "3"]
[White "Solak,D"]
[Black "Gurevich,M"]
[Result "1/2-1/2"]
[WhiteElo "2588"]
[BlackElo "2617"]

1.e4 e6 2.d4 d5 3.Nd2 c5 4.exd5 exd5 5.Ngf3 Nf6 6.Bb5+ Bd7 7.Bxd7+ Nbxd7
8.O-O Be7 9.dxc5 Nxc5 10.Nb3 Nce4 11.Nfd4 Qd7 12.f3 Nd6 13.Nc5 Qc8 14.Nd3 O-O
15.Bf4 Re8 16.Re1 Nh5  1/2-1/2

[Event "TCh-TUR 2011"]
[Site "Konya TUR"]
[Date "2011.07.02"]
[Round "5"]
[White "Arutinian,D"]
[Black "Gurevich,M"]
[Result "1/2-1/2"]
[WhiteElo "2564"]
[BlackElo "2617"]

1.d4 d5 2.c4 c6 3.Nf3 Nf6 4.e3 Bf5 5.Nc3 e6 6.Bd3 Bxd3 7.Qxd3 Nbd7 8.O-O Be7
9.e4 dxe4 10.Nxe4 Nxe4 11.Qxe4 O-O 12.Bf4 Re8 13.Rfd1 a5 14.Ne5 Nxe5 15.Bxe5  1/2-1/2

[Event "TCh-TUR 2011"]
[Site "Konya TUR"]
[Date "2011.07.02"]
[Round "6"]
[White "Gurevich,M"]
[Black "Miroshnichenko,E"]
[Result "1/2-1/2"]
[WhiteElo "2617"]
[BlackElo "2651"]

1.d4 d5 2.c4 e6 3.Nc3 Be7 4.Nf3 Nf6 5.Bg5 h6 6.Bh4 O-O 7.e3 Ne4 8.Bxe7 Qxe7
9.Rc1 c6 10.Be2 Nxc3 11.Rxc3 dxc4 12.Bxc4 Nd7 13.O-O b6 14.Bd3 c5 15.Qc2 Bb7
16.Bh7+ Kh8 17.Be4 Bxe4 18.Qxe4 cxd4 19.Nxd4 Nc5 20.Qc2 a5 21.Nb3 Nxb3 22.Qxb3 Qb7
23.Rfc1 Rfc8 24.g3 Rxc3 25.Qxc3 Rd8 26.Qc6 Qb8 27.a4 Rd2 28.b3 Rd3 29.Rc3 Rxc3
30.Qxc3  1/2-1/2

[Event "TCh-TUR 2011"]
[Site "Konya TUR"]
[Date "2011.07.04"]
[Round "7"]
[White "Eljanov,P"]
[Black "Gurevich,M"]
[Result "1/2-1/2"]
[WhiteElo "2712"]
[BlackElo "2617"]

1.d4 d5 2.c4 c6 3.Nf3 Nf6 4.Nc3 e6 5.g3 dxc4 6.Bg2 b5 7.Ne5 Nd5 8.O-O f6
9.Ng4 Be7 10.e4 Nb4 11.a4 bxa4 12.Ne3 Nd7 13.Qg4 g6 14.Nxc4 Nb6 15.Nxb6 axb6
16.Qd1 O-O 17.Rxa4 Rxa4 18.Qxa4 Qxd4 19.Be3 b5 20.Bxd4 bxa4 21.Nxa4 Rd8 22.Bb6 Rd2
23.Be3 Rd8 24.Rc1 e5 25.Nc5 Na6 26.Nb3 Nb4 27.Na5 Bd7 28.Bf1 Kf8 29.Nb7 Ra8
30.Nc5 Bc8 31.Bc4 Ke8 32.Ne6 Rb8 33.Rd1 Na6 34.b3 Bxe6 35.Bxe6 Nc5 36.Bxc5 Bxc5
37.Rd7 Rxb3 38.Rxh7 Rb2 39.Bf7+ Kd8 40.Bxg6 Rxf2 41.Kh1 Rf1+ 42.Kg2 Rf2+
43.Kh3 Bd4 44.Bf5 c5 45.Be6 Rc2 46.Kg4 c4 47.h4 c3 48.Rd7+ Ke8 49.Rc7 Kd8
50.Rd7+ Ke8 51.Rc7 Kd8 52.Rd7+  1/2-1/2

[Event "TCh-TUR 2011"]
[Site "Konya TUR"]
[Date "2011.07.05"]
[Round "9"]
[White "Savchenko,B"]
[Black "Gurevich,M"]
[Result "0-1"]
[WhiteElo "2630"]
[BlackElo "2617"]

1.e4 e6 2.d4 d5 3.Nc3 Nf6 4.e5 Nfd7 5.f4 c5 6.Nf3 Nc6 7.Be3 Be7 8.Qd2 O-O
9.dxc5 Bxc5 10.Bxc5 Nxc5 11.O-O-O Qa5 12.Kb1 Rd8 13.Nd4 Bd7 14.Be2 Rac8 15.Qe3 Nxd4
16.Rxd4 Na4 17.Nxa4 Bxa4 18.c3 Bb5 19.Rhd1 Bxe2 20.Qxe2 Rc5 21.g4 Rdc8 22.f5 h6
23.g5 hxg5 24.f6 Rb5 25.h4 Qxc3 26.fxg7 Rc6 27.R4d2 Qc4 28.Qf2 Ra6 29.b3 Rxb3+
30.Rb2 Rxb2+  0-1

[Event "TCh-TUR 2011"]
[Site "Konya TUR"]
[Date "2011.07.07"]
[Round "11"]
[White "Parligras,M"]
[Black "Gurevich,M"]
[Result "1/2-1/2"]
[WhiteElo "2626"]
[BlackElo "2617"]

1.d4 f5 2.g3 d6 3.Nf3 g6 4.c4 Bg7 5.Nc3 Nf6 6.Bg2 O-O 7.O-O c6 8.d5 e5 9.dxe6 Bxe6
10.b3 Re8 11.Bb2 Na6 12.Ng5 Nc5 13.Qc2 Qe7 14.Rad1 Rad8 15.e3 Bc8 16.Rfe1 Ng4
17.Nf3 Ne4 18.Nxe4 fxe4 19.Nd4 Rf8 20.Rf1 Rde8 21.h3 Rxf2 22.Rxf2 Nxe3 23.Qe2 Nxd1
24.Qxd1 c5 25.Nb5 e3 26.Re2 Bxb2 27.Rxb2 e2 28.Qe1 Qe5 29.Nxd6 Qxd6 30.Rxe2 Rxe2
31.Qxe2 Kg7 32.Kh2  1/2-1/2

[Event "TCh-TUR 2011"]
[Site "Konya TUR"]
[Date "2011.07.08"]
[Round "12"]
[White "Kulaots,K"]
[Black "Gurevich,M"]
[Result "1/2-1/2"]
[WhiteElo "2607"]
[BlackElo "2617"]

1.e4 e6 2.d4 d5 3.Nc3 Nf6 4.Bg5 dxe4 5.Nxe4 Nbd7 6.Nf3 h6 7.Nxf6+ Nxf6 8.Bh4 c5
9.Bd3 cxd4 10.O-O Be7 11.Nxd4 O-O 12.c3 Qb6 13.Qe2 Bd7 14.Rad1 Rfe8 15.Bb1 Rac8
16.Rfe1 Rcd8 17.Qc2 g6 18.Rd3 Nd5 19.Bxe7 Nxe7 20.Qd2 Kg7 21.Rd1 Rc8 22.Nf5+ gxf5
23.Rxd7 Nc6 24.Qd6 Rcd8 25.Qg3+ Kf8 26.Qh4 Kg7 27.Qg3+ Kf8 28.Qh4  1/2-1/2

[Event "TCh-TUR 2011"]
[Site "Konya TUR"]
[Date "2011.07.09"]
[Round "13"]
[White "Gurevich,M"]
[Black "Mamedov,Nid"]
[Result "1/2-1/2"]
[WhiteElo "2617"]
[BlackElo "2587"]

1.c4 Nf6 2.Nc3 g6 3.g3 Bg7 4.Bg2 d6 5.d3 O-O 6.Bg5 h6 7.Bd2 e5 8.e4 c5 9.Nge2 Nc6
10.O-O Nh5 11.Nd5 Ne7 12.Nec3 Nxd5 13.Nxd5 Nf6 14.Nxf6+ Qxf6 15.b4 Qe7 16.Rb1 Kh7
17.a4 Rb8  1/2-1/2

[Event "TCh-ISL Div1 2011-12"]
[Site "Reykjavik ISL"]
[Date "2011.10.07"]
[Round "1.4"]
[White "Gurevich,M"]
[Black "Steingrimsson,H"]
[Result "1/2-1/2"]
[WhiteElo "2612"]
[BlackElo "2562"]

1.c4 c5 2.g3 g6 3.Bg2 Bg7 4.Nc3 Nc6 5.a3 d6 6.Rb1 a5 7.Nf3 e5 8.O-O Nge7
9.d3 O-O 10.Ne1 Be6 11.Nc2 d5 12.cxd5 Nxd5 13.Ne3 Nde7 14.Nc4 Rb8 15.Bg5 f6
16.Be3 b6 17.Re1 Kh8 18.Nb5 Qd7 19.Bd2 Rfd8 20.Qc2 Nd5 21.Rec1 Nce7 22.Nc3 Bf8
23.Nxd5 Nxd5 24.b3 Rdc8 25.Qd1 Qd8 26.Rc2 Qd7 27.Qc1 Rd8 28.Rcb2 Kg7 29.h4 Kg8
30.Kh2 Kg7 31.Qf1 h6 32.Bh3 Bxh3 33.Qxh3 Qf7 34.Rc2 Rb7 35.Bc1 h5 36.Bb2 Kh7
37.Nd2 Re7 38.Nc4 Re6 39.Qg2 Rd7 40.Bc1 Rd8 41.Bd2 Rd7 42.Ne3 Nxe3 43.Bxe3 f5
44.Bd2 Bd6 45.Kg1 Bf8 46.Bg5 Rd4 47.Re1 Kg8 48.Be3 Rd7 49.Bg5 Rd4 50.Rd2 e4
51.Kf1 Qd7  1/2-1/2

[Event "Turkish Bank Chess League 2012"]
[Site "Konya TUR"]
[Date "2012.07.11"]
[Round "1"]
[White "Gurevich,M"]
[Black "Durarbayli,V"]
[Result "1/2-1/2"]
[WhiteElo "2596"]
[BlackElo "2576"]

1.c4 Nf6 2.Nc3 c5 3.g3 e6 4.Nf3 b6 5.Bg2 Bb7 6.O-O d6 7.d4 cxd4 8.Qxd4 a6
9.Bg5 Nbd7 10.Rad1 Rc8 11.Nd2 Bxg2 12.Kxg2 Be7 13.Nde4 Rc6 14.Nxf6+ Bxf6
15.Bxf6 Nxf6 16.Ne4 Nxe4 17.Qxe4 Qc7 18.Rd4 O-O 19.Qd3 b5 20.cxb5 axb5 21.Rd1 Qb7
22.Rf1 Qc7 23.Rd1 Qb7 24.e4 Ra8 25.Qb3 h6 26.a3 Raa6 27.Qe3 Qc7 28.Qd3 Rab6
29.Rd2 Kf8 30.h4 Kg8  1/2-1/2

[Event "Turkish Bank Chess League 2012"]
[Site "Konya TUR"]
[Date "2012.07.12"]
[Round "2"]
[White "Inarkiev,E"]
[Black "Gurevich,M"]
[Result "1-0"]
[WhiteElo "2707"]
[BlackElo "2596"]

1.e4 e6 2.d4 d5 3.Nc3 Nf6 4.e5 Nfd7 5.f4 c5 6.Nf3 Nc6 7.Be3 Be7 8.dxc5 Bxc5
9.Qd2 O-O 10.O-O-O Qa5 11.Bxc5 Nxc5 12.h4 Rd8 13.Qe3 Qb6 14.Nd4 Ne4 15.h5 Bd7
16.Nxe4 dxe4 17.Qxe4 Nxd4 18.Qxd4 Qa5 19.Bc4 Bc6 20.Qf2 Qa4 21.Qh4 Rdc8 22.Bb3 Qe4
23.Rhe1 Qf5 24.Rd2 Bd5 25.Kb1 Rc5 26.Rf2 h6 27.g4 Qh7 28.Rd2 Re8 29.Bxd5 exd5
30.f5 Kh8 31.Qh1 Rec8 32.Red1 Qg8 33.c3 Qe8 34.Rxd5 b5 35.Qe4 a5 36.Rxc5 Rxc5
37.e6  1-0

[Event "Turkish Bank Chess League 2012"]
[Site "Konya TUR"]
[Date "2012.07.14"]
[Round "4"]
[White "Gurevich,M"]
[Black "Odeev,H"]
[Result "1-0"]
[WhiteElo "2596"]
[BlackElo "2382"]

1.d4 Nf6 2.c4 g6 3.Nc3 d5 4.Bg5 Ne4 5.Bh4 Nxc3 6.bxc3 dxc4 7.e3 Be6 8.Nf3 Bg7
9.Rb1 Nd7 10.Ng5 Bd5 11.e4 h6 12.exd5 hxg5 13.Bxg5 Nb6 14.Bxc4 Qd6 15.g3 Bh6
16.Bxh6 Rxh6 17.Bb3 O-O-O 18.Qf3 Rh7 19.O-O Nxd5 20.Rfe1 e6 21.Re5 c6 22.h4 Qc7
23.Bc2 Rhh8 24.c4 Nb6 25.Qc3 Kb8 26.Be4 Rd7 27.Ra5 Rhd8 28.Rxa7 Kxa7 29.Qa5+ Kb8
30.Rxb6 Qd6 31.c5 Qxd4 32.Bxc6 Re7 33.Ra6 Qd1+ 34.Kg2  1-0

[Event "Turkish Bank Chess League 2012"]
[Site "Konya TUR"]
[Date "2012.07.15"]
[Round "5"]
[White "Cmilyte,V"]
[Black "Gurevich,M"]
[Result "1/2-1/2"]
[WhiteElo "2525"]
[BlackElo "2596"]

1.d4 d5 2.c4 c6 3.Nf3 Nf6 4.Nc3 e6 5.Bg5 Nbd7 6.e3 Qa5 7.cxd5 Nxd5 8.Rc1 Nxc3
9.bxc3 Ba3 10.Rc2 b6 11.Bd3 Ba6 12.O-O Bxd3 13.Qxd3 h6 14.Bh4 O-O 15.c4 Rfe8
16.Nd2 Be7 17.Bxe7 Rxe7 18.c5 bxc5 19.Nb3 Qa4  1/2-1/2

[Event "Turkish Bank Chess League 2012"]
[Site "Konya TUR"]
[Date "2012.07.18"]
[Round "8"]
[White "Gurevich,M"]
[Black "Kasimdzhanov,R"]
[Result "0-1"]
[WhiteElo "2596"]
[BlackElo "2690"]

1.c4 c5 2.g3 g6 3.Bg2 Bg7 4.Nc3 Nc6 5.e3 Bxc3 6.bxc3 b6 7.d3 Bb7 8.e4 d6
9.Nf3 Qd7 10.O-O O-O-O 11.d4 e5 12.d5 Na5 13.Nd2 Ba6 14.Re1 Kb8 15.Bf1 Ka8
16.a4 Ne7 17.Nb3 f6 18.Nxa5 bxa5 19.f4 Nc8 20.Bd3 Nb6 21.fxe5 fxe5 22.Bh6 Qh3
23.Bg5 Rb8 24.Ra2 h6 25.Bc1 Rhf8 26.Rf1 Bxc4 27.Bxc4 Nxc4 28.Rxf8 Rxf8 29.Qe2 Nb6
30.Rb2 c4 31.Be3 Nxa4 32.Rc2 Qh5 33.Qe1 g5 34.Rf2 Rxf2 35.Qxf2 Kb7 36.Bxa7 Qd1+
37.Kg2 g4 38.Qf7+ Ka6 39.Qd7 Qe2+ 40.Bf2 Qxe4+ 41.Kg1 Nb6 42.Qxd6 Qb1+ 43.Kg2 a4
44.Bxb6 Qxb6 45.Qd7 Ka5 46.Qxg4 a3 47.Qxc4 Qb2+ 48.Kh3 a2 49.d6 a1=Q 50.d7 Qd1
51.Qc5+ Ka4 52.Qa7+ Kb3 53.Qb8+ Ka2 54.Qa8+ Kb1 55.d8=Q Qf1+ 56.Kg4 Qbe2+
57.Kh4 Qxh2+ 58.Kg4 Qhh3+  0-1

[Event "Turkish Bank Chess League 2012"]
[Site "Konya TUR"]
[Date "2012.07.19"]
[Round "10"]
[White "Gurevich,M"]
[Black "Mamedov,Rau"]
[Result "1/2-1/2"]
[WhiteElo "2596"]
[BlackElo "2628"]

1.d4 Nf6 2.c4 g6 3.Nc3 Bg7 4.e4 O-O 5.Nf3 d6 6.Be2 c5 7.d5 e5 8.Bg5 h6 9.Bd2 Nh5
10.g3 Bh3 11.Qc2 a6 12.O-O-O b5  1/2-1/2

[Event "Turkish Bank Chess League 2012"]
[Site "Konya TUR"]
[Date "2012.07.20"]
[Round "11"]
[White "Chadaev,N"]
[Black "Gurevich,M"]
[Result "1/2-1/2"]
[WhiteElo "2580"]
[BlackElo "2596"]

1.d4 d6 2.e4 Nf6 3.Nc3 g6 4.Nf3 Bg7 5.Be2 O-O 6.O-O Bg4 7.Be3 Nc6 8.h3 Bxf3
9.Bxf3 Re8 10.Ne2 e5 11.d5 Nd4 12.Nxd4 exd4 13.Bxd4 Nxe4 14.Bxg7 Kxg7 15.Bxe4 Rxe4
16.Qd3 Qe7 17.Qb3 Rb8 18.Qc3+ Kg8 19.Rfe1 Re8 20.Rxe4 Qxe4 21.Qxc7 Qxd5 22.a3 Qd4
23.c3 Qd5 24.c4 Qd4 25.Qxb7 Re2 26.Qf3 Rxb2 27.Rd1 Qxc4  1/2-1/2

[Event "Platonov Memorial 2012"]
[Site "Rockville USA"]
[Date "2012.07.28"]
[Round "1.3"]
[White "Mihalcisin,A"]
[Black "Gurevich,M"]
[Result "1/2-1/2"]
[WhiteElo "2513"]
[BlackElo "2596"]

1.d4 f5 2.Nf3 Nf6 3.g3 g6 4.Bg2 Bg7 5.c4 d6 6.b4 e5 7.dxe5 dxe5 8.Qxd8+ Kxd8
9.Bb2 e4 10.Ng5 Ke7 11.f3 h6 12.Nh3 exf3 13.Bxf3 Kf7 14.Nf4 Re8 15.Nd2 Nc6
16.a3 Ne5 17.Bxe5 Rxe5 18.O-O g5 19.Nd3 Re3 20.c5 g4 21.Bg2 Rxe2 22.Nc4 Ne4
23.Nce5+ Kg8 24.Rae1 Rxe1 25.Rxe1 a5 26.b5 Be6 27.Bxe4 fxe4 28.Rxe4 Rd8 29.Kf1 Bf5
30.Re3 Rd5 31.b6 cxb6 32.cxb6 Rd6 33.Nf4 Rxb6 34.Nc4 Rb1+ 35.Ke2 Bd7 36.Kd2 Rb5
37.Re7 Bc6 38.Rc7 Ba1 39.Ne6 Rf5 40.Nf4 h5 41.Nd6  1/2-1/2

[Event "Platonov Memorial 2012"]
[Site "Rockville USA"]
[Date "2012.07.31"]
[Round "4.1"]
[White "Alburt,L"]
[Black "Gurevich,M"]
[Result "1/2-1/2"]
[WhiteElo "2550"]
[BlackElo "2596"]

1.d4 d5 2.Bg5 h6 3.Bh4 c6 4.Nf3 Qb6 5.e3 Bf5 6.Nbd2 Nd7 7.Bd3 Bxd3 8.cxd3 e6
9.O-O Bd6 10.b4 Ne7 11.Bg3 Nf5 12.Rb1 Nxg3 13.hxg3 O-O 14.Nb3 Bxb4 15.a3 Bxa3
16.Nc5 Qd8 17.Nxb7 Qc7 18.Qa4 Rfb8 19.Na5 Bd6 20.Rxb8+ Rxb8 21.Qxc6 Rc8 22.Qxc7 Rxc7
23.Rb1 Kf8 24.Kf1 Ke7 25.Ke1 Ke8 26.Kd2 Rc8 27.Rb7 Rc7 28.Rb1 Be7 29.Rb3 Kd8
30.Ne5 Nxe5 31.dxe5 Kc8 32.d4 h5 33.Rb1 Bd8 34.Kd3 Be7 35.f3 f5 36.exf6 gxf6
37.e4 dxe4+ 38.fxe4 Bd6 39.Nc4 Bxg3 40.Rf1 Bh4 41.Rh1 Bf2 42.Rxh5 Rg7 43.d5 exd5
44.exd5 Bc5 45.d6  1/2-1/2

[Event "Platonov Memorial 2012"]
[Site "Rockville USA"]
[Date "2012.08.01"]
[Round "5.2"]
[White "Gurevich,M"]
[Black "Gulko,B"]
[Result "1-0"]
[WhiteElo "2596"]
[BlackElo "2532"]

1.c4 c5 2.g3 g6 3.Bg2 Bg7 4.Nc3 Nc6 5.Nf3 d6 6.O-O Bd7 7.e3 Nf6 8.d4 O-O
9.b3 a6 10.Bb2 Rb8 11.dxc5 dxc5 12.Qe2 e6 13.Rfd1 Qe7 14.Rac1 Rfd8 15.Ng5 Be8
16.Nce4 Nxe4 17.Nxe4 f5 18.Bxg7 Kxg7 19.Nc3 Rxd1+ 20.Rxd1 Rd8 21.Na4 Rxd1+
22.Qxd1 Ne5 23.Nb2 b6 24.h3 Nf7 25.Nd3 g5 26.e4 Qf6 27.Qe2 Ne5 28.exf5 Nxd3
29.Qxd3 exf5 30.Qf3 a5 31.Qb7+ Kh6 32.Qc7 f4 33.Be4 Bg6 34.Bxg6 Kxg6 35.gxf4 gxf4
36.Kg2 h5 37.Qd7 Qf5 38.Qe8+ Kg7 39.Qe7+ Kg6 40.Qd6+ Kg7 41.Qc7+ Kg8 42.Qxb6 f3+
43.Kg3 Qg5+ 44.Kxf3 Qf5+ 45.Kg2 Qe4+ 46.f3 Qe2+ 47.Kg3 Qe1+ 48.Kf4 Qh4+ 49.Kf5 Qxh3+
50.Kg6 Qg3+ 51.Kxh5 Qxf3+ 52.Kg5 Qg2+ 53.Kf6 Qf2+ 54.Ke7 Qxa2 55.Qg6+ Kh8
56.Kf7  1-0

[Event "TCh-BEL 2012-13"]
[Site "Buellingen BEL"]
[Date "2013.03.24"]
[Round "11.7"]
[White "Van Heirzeele,D"]
[Black "Gurevich,Mi2"]
[Result "1/2-1/2"]
[WhiteElo "2125"]
[BlackElo "1982"]

1.d4 Nf6 2.c4 g6 3.Nc3 d5 4.Nf3 Bg7 5.Qb3 dxc4 6.Qxc4 O-O 7.e4 c6 8.Qb3 Qb6
9.Bc4 Qxb3 10.Bxb3 e6 11.O-O b6 12.Bf4 Ba6 13.Rfc1 Rc8 14.e5 Nh5 15.Be3 Bf8
16.d5 cxd5 17.Nxd5 Nc6 18.g4 Be2 19.Rxc6 Bxf3 20.Rxc8 Rxc8 21.gxh5  1/2-1/2

[Event "IsBank TCh-TUR 2013"]
[Site "Denizli TUR"]
[Date "2013.06.29"]
[Round "1.2"]
[White "Khurtsidze,N"]
[Black "Gurevich,M"]
[Result "1-0"]
[WhiteElo "2428"]
[BlackElo "2589"]

1.d4 d6 2.e4 Nf6 3.Nc3 g6 4.Nf3 Bg7 5.Be2 O-O 6.O-O Nc6 7.d5 Nb8 8.h3 c6
9.dxc6 Nxc6 10.e5 dxe5 11.Qxd8 Rxd8 12.Be3 b5 13.Bxb5 Nb4 14.Rad1 Rxd1 15.Rxd1 Bf5
16.Bc5 Nxc2 17.Nxe5 Ne4 18.Nxe4 Bxe5 19.Ng3 Rc8 20.Nxf5 gxf5 21.Bxe7 Bxb2
22.Bd7 Rc7 23.Bd8 Rc5 24.Rd2 Be5 25.Be7 Rc7 26.Rd5 Kg7 27.g3 Rb7 28.h4 h6
29.Bc5 Kf6 30.f4 Bc3 31.Bxf5 Nb4 32.Rd7 Rxd7 33.Bxd7 Nxa2 34.Bxa7 Nb4 35.Bc5 Kg7
36.Kg2 Nd5 37.Bc6 Nf6 38.Kf3 Kg8 39.Bd6 Kg7 40.g4 Bb2 41.Bb5 Bc3 42.Bd3 Bb2
43.Bf5 Bc3 44.g5 hxg5 45.fxg5 Nh7 46.Kg4 Bb2 47.Bf4 Bc3 48.Kf3 Bd4 49.Ke4 Bf2
50.h5 Bh4 51.h6+ Kg8 52.Bxh7+ Kxh7 53.Kf5 Kh8 54.Kf6 Kg8 55.Be3 Be1 56.h7+ Kxh7
57.Kxf7 Bc3  1-0

[Event "IsBank TCh-TUR 2013"]
[Site "Denizli TUR"]
[Date "2013.06.30"]
[Round "2.2"]
[White "Gurevich,M"]
[Black "Solak,D"]
[Result "1/2-1/2"]
[WhiteElo "2589"]
[BlackElo "2598"]

1.d4 d5 2.c4 c6 3.Nf3 Nf6 4.e3 Bf5 5.Nc3 e6 6.Bd3 Bg6 7.O-O Nbd7 8.Bxg6 hxg6
9.Qd3 Bd6 10.e4 dxe4 11.Nxe4 Nxe4 12.Qxe4 Qf6 13.Re1 Qf5 14.Qxf5 gxf5 15.d5 cxd5
16.cxd5 e5 17.Nd4 g6 18.Nb5 Ke7 19.b3 f6 20.Nxd6 Kxd6 21.Ba3+ Nc5 22.Rac1 Rac8
23.Rc3 b6 24.Rd1 g5 25.h3 a5 26.b4 axb4 27.Bxb4 Rh4 28.Ba3 Ra4 29.Rb3  1/2-1/2

[Event "IsBank TCh-TUR 2013"]
[Site "Denizli TUR"]
[Date "2013.07.01"]
[Round "3.2"]
[White "Arutinian,D"]
[Black "Gurevich,M"]
[Result "1/2-1/2"]
[WhiteElo "2543"]
[BlackElo "2589"]

1.d4 d5 2.c4 c6 3.Nc3 Nf6 4.cxd5 cxd5 5.Bf4 Nc6 6.e3 a6 7.Bd3 Bg4 8.Nge2 e6
9.Rc1 Be7 10.O-O O-O 11.Na4 Nd7 12.f3 Bh5 13.Qb3 Ra7 14.Bg3 Bg6 15.Nf4 Na5
16.Qc2 b5 17.Nc5 Nxc5 18.dxc5 Nc4 19.Bf2 Rc7 20.b3 Ne5 21.Nxg6 fxg6 22.b4 Bh4
23.e4 Bxf2+ 24.Rxf2 Qg5 25.Rcf1 Rcf7 26.Qe2 d4 27.Bc2 Kh8 28.Kh1 Ng4 29.fxg4 Rxf2
30.Rxf2 Qc1+ 31.Bd1 Rxf2 32.Qxf2 Qxd1+ 33.Qg1 Qd2 34.h3 h6 35.c6 Qc3 36.e5 d3
37.Qe3 Kh7 38.Kh2 Qc4 39.a3 Qc3 40.Qc5 Qe1 41.c7 d2 42.Qd4 d1=Q 43.Qxd1 Qxe5+
44.Kh1 Qxc7 45.h4 Qf4 46.h5 Qe4 47.Kh2 gxh5 48.gxh5 Qh4+ 49.Kg1 e5 50.Qc2+ e4
51.Qc6 Qe1+ 52.Kh2 Qh4+ 53.Kg1 Qg4 54.Qd5 Kh8 55.Qd8+ Kh7 56.Qd5 e3 57.Qd3+ Kg8
58.Qd5+ Kf8 59.Qa8+ Ke7 60.Qa7+ Kf6 61.Qxe3 Qd1+ 62.Kf2 Qxh5 63.Qb6+ Kf5
64.Qc5+ Kg6 65.Qd6+ Kh7 66.Qxa6 Qg5  1/2-1/2

[Event "IsBank TCh-TUR 2013"]
[Site "Denizli TUR"]
[Date "2013.07.04"]
[Round "6.2"]
[White "Gurevich,M"]
[Black "Sanikidze,T"]
[Result "0-1"]
[WhiteElo "2589"]
[BlackElo "2553"]

1.c4 e6 2.Nc3 d5 3.d4 Bb4 4.a3 Bxc3+ 5.bxc3 c5 6.e3 Nf6 7.cxd5 exd5 8.Bd3 O-O
9.Ne2 b6 10.O-O Ba6 11.f3 Bxd3 12.Qxd3 Nc6 13.Ng3 Re8 14.Ra2 h5 15.Re2 Qd7
16.Kh1 Rad8 17.a4 g6 18.Ree1 h4 19.Ne2 Nh5 20.e4 cxd4 21.cxd4 h3 22.e5 hxg2+
23.Kxg2 Rc8 24.Bd2 Ne7 25.a5 Nf5 26.Bg5 bxa5 27.Qd2 Qa4 28.Ra1 Qc2 29.Ra2 Qxd2
30.Bxd2 Rc4 31.Rfa1 Nxd4 32.Nxd4 Rxd4 33.Bxa5 Rxe5 34.Bc7 Nf4+ 35.Kf2 Nd3+
36.Kg2 Nf4+ 37.Kf2 Nd3+ 38.Kg2 Rg5+ 39.Kf1 Rf5 40.Rxa7 Rxf3+ 41.Ke2 Rh3 42.Rf1 Rhh4
43.Kd2 Nf4+ 44.Kc1 g5 45.Bd8 Ne2+ 46.Kc2 Rc4+ 47.Kd2 Rxh2 48.Rfxf7 Nf4+ 49.Kd1 Rd4+
50.Kc1 Nd3+ 51.Kb1 Rb4+ 52.Ka1 Rh1+  0-1